Songs from Bowie's The Rise and Fall of Ziggy Stardust - Statistics

General Stats
  • This quiz has been taken 72 times
  • The average score is 9 of 11
Answer Stats
Picture Answer % Correct
Star
98%
Starman
94%
Ziggy Stardust
92%
Lady Stardust
90%
Moonage Daydream
86%
Rock 'n' Roll Suicide
86%
Suffragette City
82%
Five Years
78%
Soul Love
64%
It Ain't Easy
56%
Hang on to Yourself
48%
No matching quizzes found
Score Distribution
Percent of People with Each Score
Percentile by Number Answered
Your Score History
You have not taken this quiz